| 000 -CABECERA |
| fixed length control field |
00757nam a22002297a 4500 |
| 003 - IDENTIFICADOR DEL NÚMERO DE CONTROL |
| control field |
AR-CdUCM |
| 008 - DATOS DE LONGITUD FIJA--INFORMACIÓN GENERAL |
| fixed length control field |
190221b ||||| |||| 00| 0 spa d |
| 040 ## - FUENTE DE LA CATALOGACIÓN |
| Agencia/entidad que catalogó originalmente la obra |
MUNICIPALIDAD PROVINCIAL DEL CUSCO |
| Entidad que transcribió la catalogación |
BIBLIOTECA MUNICIPAL DEL CUSCO |
| 082 ## - NÚMERO DE LA CLASIFICACIÓN DECIMAL DEWEY |
| No. de Clasificación |
898.23 / |
| Notacion interna |
M29 |
| 100 ## - ENTRADA PRINCIPAL--NOMBRE DE PERSONA |
| Nombre Personal |
Maugahan, William Somerser |
| 245 ## - MENCIÓN DE TÍTULO |
| Título |
Maquiavelo y la Dama / |
| Mención de responsabilidad |
Maugahan, William Somerser |
| 260 ## - PUBLICACIÓN, DISTRIBUCIÓN, ETC. |
| Lugar de publicación, distribución, etc. |
Buenos Aires |
| Nombre de la editorial, distribuidor, etc. |
Acme Agency |
| Fecha de publicación, distribución, etc. |
1947 |
| 300 ## - DESCRIPCIÓN FÍSICA |
| Nº de Páginas Extensión |
298 paginas. ; |
| Dimensiones |
21cm |
| 505 ## - NOTA DE CONTENIDO CON FORMATO |
| Nota de contenido formateada |
La luna y seis pequines -- Camaradas -- Luz en el alma -- La Vanidosa -- El collar de perlas |
| 650 ## - PUNTO DE ACCESO ADICIONAL DE MATERIA--TÉRMINO DE MATERIA |
| Descriptor |
Argentina |
| 9 (RLIN) |
511 |
| 650 ## - PUNTO DE ACCESO ADICIONAL DE MATERIA--TÉRMINO DE MATERIA |
| Descriptor |
novela |
| 9 (RLIN) |
110 |
| 650 ## - PUNTO DE ACCESO ADICIONAL DE MATERIA--TÉRMINO DE MATERIA |
| Descriptor |
Contemporaneo |
| 9 (RLIN) |
512 |
| 700 ## - PUNTO DE ACCESO ADICIONAL--NOMBRE DE PERSONA |
| Nombre Personal |
de Goetz, W. |
| 9 (RLIN) |
513 |
| 942 ## - ELEMENTOS DE PUNTO DE ACCESO ADICIONAL (KOHA) |
| Fuente de clasificación |
|
| Tipo de item |
Libros-BMC |
| 945 ## - PROCESAMIENTO DE INFORMACIÓN LOCAL (OCLC) |
| Catalogador |
pjha |
| AAAA-MM-DD - Fecha de ingreso o modificacion |
2019-02-21 |